000 00191nam a22000977a 4500
082 _a001
_bMAN/B
245 _aBRITANNICA
260 _aNEW DELHI
_bMALAYALA MANORAMA
300 _bCD
942 _cBK
999 _c7943
_d7943